BTS Alphabet song - Statistics

General Stats
  • This quiz has been taken 865 times
    35 since last reset
  • The average score is 18 of 22
Answer Stats
Hint Answer % Correct
D Danger / Do you think it makes sense? / Dope / DNA / Dimple / Don’t leave me / Dionysus / Dis-ease / Dynamite
100%
S Soulmate / Spine Breaker / Skool luv affair / Silver spoon / Save me / Stigma / Spring day / Serendipity / Singularity / So what / Seesaw / Shadow / Stay Gold / Skit / Stay / Swim
100%
A Attack on bangtan / Autumn leaves / Awake / Am I wrong / Airplane / Anpanman / Armyrang / Aliens
96%
B BTS cypher / Boy in luv / Boyz with fun / Butterfly / Boy meets evil / Blood sweat & tears / Begin / Best of me / Boy with luv / Black swan / Blue. Grey / Butter / Body to body
92%
F For you / Fire / First love / Fake love / Filter / Friends / Fly to my room / Film out / FYA
92%
I Interlude / If I ruled the world / INTRO. / I need U / I’m fine / IDOL / Inner child / Into the sun
92%
L Like / Let me know / Look here / Luv in skool / Love is not over / Lie / Lost / Let go / Love maze / Love / Love myself / Louder than bombs / Lights / Life goes on / Like animals
92%
M Miss right / Moving on / Ma city / MAMA / MIC drop / Magic shop / Mikrokosmos / Make it right / My time / Moon / My universe / Merry go round
92%
G Good day / Go go
88%
J Just one day / Jump / Just dance / Jamais vu
88%
O OUTRO. / O!RUL8,2? / One night in a strange city / ON / One more night
88%
R Rain / R U happy now? / Run / Reflection / Ringwanderung / Respect
88%
E Embarrassed / Expectation! / Euphoria / Epiphany / Ego
85%
H Hip hop phile / Hold me tight / House of cards / Her / HOME / Hooligan
85%
N No more dream / N.O / Never mind / Not today / Normal
85%
T Tomorrow / The stars / The most beautiful moment in Life / The truth untold / Tear / The journey / Telepathy / Take two / The planet / They don’t know ‘bout us
85%
W We are bulletproof / We on / Where you from / War of hormone / Wake up / What am I to you / What are you doing now / Whalin 52 / Wishing on a star / Wings
85%
C Coffee / Could you turn off your cell phone / Circle room cypher / Circle room talk / Converse high / Crystal snow / Crack / Calling / Come back home
77%
P Paldogangsan / Propose / Pied piper / Paradise / Persona / Permission to dance / Please
77%
Y Young forever / YOUTH / You never walk alone / Your eyes tell / Yet to come
69%
U UGH!
42%
Z Zero O’clock
42%
No matching quizzes found
Score Distribution
Percent of People with Each Score
Percentile by Number Answered
Your Score History
You have not taken this quiz since the last reset